| 000 | 00405nam a2200097Ia 4500 | ||
|---|---|---|---|
| 008 | 180130s9999 xx 000 0 und d | ||
| 245 |
_cWehrli, Andre; Dorren, Luuk _aProtection forests: a key factor in integrated risk management in the Alps |
||
| 260 | _c2013 | ||
| 300 | _aBook title: The role of ecosystems in disaster risk reduction--Acession number C17927; pages 321-342 | ||
| 650 | _aECOSYSTEM MANAGEMENT | ||
| 999 |
_c354557 _d354557 |
||